Music Quiz

Random Music or Singers Quiz
Score 0/20 Timer 06:00
0 Plays Today
Question Answer Wrong Answers
Lady Gaga
Bad Romance
Right
93.7%
Wrong
4%
Beyoncé
Crazy in Love
Right
91%
Wrong
6.8%
Taylor Swift
I Knew You Were Trouble
Right
90.4%
Wrong
7.2%
Bruno Mars
Empire State of Mind
Wrong
87.9%
Right
9.8%
Katy Perry
Halo
Wrong
84.5%
Right
13.3%
The Weeknd
Starboy
Right
83.7%
Wrong
14%
Maroon 5
Girls Like You
Right
82.4%
Wrong
15.3%
Green Day
I Want to Break Free
Wrong
80.7%
Right
16.9%
Justin Bieber
The Hardest Part
Wrong
77.7%
Right
19.9%
Nickelback
How You Remind Me
Right
77.6%
Wrong
20.2%
The Black Eyed Peas
Where Is the Love?
Right
77.2%
Wrong
20.5%
The Beatles
Good Vibrations
Wrong
75.8%
Right
22%
One Direction
Immortals
Wrong
75.2%
Right
22.4%
Pink
Malibu
Wrong
73.6%
Right
24.2%
Imagine Dragons
Thunder
Right
73.4%
Wrong
24.3%
Drake
Rap God
Wrong
67.6%
Right
30.2%
Ariana Grande
Mother's Daughter
Wrong
66.3%
Right
31.4%
Ed Sheeran
Beautiful People
Right
64%
Wrong
33.8%
Eminem
Killshot
Right
63.5%
Wrong
34%
Jay Z
I Might Need Security
Wrong
62.3%
Right
35.3%

You're not logged in!

Compare scores with friends on all Sporcle quizzes.
OR
Log In

Sporcle TV

Today on Sporcle TV


Watch our educational content, quiz creation guides, and fun videos on Sporcle TV.

Show Comments

Extras

Top Quizzes Today


Score Distribution

Paid Content

Your Account Isn't Verified!

In order to create a playlist on Sporcle, you need to verify the email address you used during registration. Go to your Sporcle Settings to finish the process.

Report this User

Report this user for behavior that violates our Community Guidelines.

Details: